[Event "Promotion Meyreuil 04/05"]
[Site "?"]
[Date "2004.11.27"]
[Round "3"]
[White "Blondelon, Alain"]
[Black "Kolb, Sebastien"]
[Result "0-1"]
[WhiteElo "1590"]
[BlackElo "2040"]
[PlyCount "98"]
[EventDate "2004.??.??"]

1. Nf3 g6 2. d4 Bg7 3. c3 d6 4. Nbd2 (4. e4 {
est le coup principal de la variante}) 4... e5 5. e3 $6 {le pion a pourtant la
possibililite d'avancer de 2 cases lors de son premier deplacement ...} f5 6.
e4 Nc6 {Fritz n'aime pas trop ce coup a cause Bb5} (6... exd4 $5 7. cxd4 Qe7 8.
Qe2 Nf6 9. e5 dxe5 10. dxe5 Ng4 11. Nc4 $15) 7. dxe5 $11 (7. Bb5 $14) 7... dxe5
8. Qc2 Qe7 9. Bd3 f4 10. h3 Bd7 11. Nb3 g5 12. Bd2 h5 {
les intentions des noirs sont claires sur l'aile K} 13. O-O-O O-O-O 14. Rdf1 $6
$15 (14. g3 h4 15. gxh4 gxh4 16. Bc4 Rh6 17. Rhg1 Nf6 18. Bf1 Be6 $11) 14...
Nh6 15. Ne1 g4 16. hxg4 hxg4 17. Be2 Nf7 18. Kb1 Ng5 19. Bc1 Be6 20. f3 g3 {
les noirs ont un avantage d'espace sur l'aile K} 21. Nd3 Kb8 22. Ndc5 Bc8 23.
Bb5 Na5 $2 $16 {#} (23... Rh2 24. Bxc6 bxc6 25. Rxh2 gxh2 26. Rh1 Rh8 27. Qd3
Ne6 28. Na6+ Ka8 $15) 24. Be2 $17 {les blancs ratent leur chance} (24. Na6+ $3
bxa6 25. Nxa5 Qc5 26. Nc6+ Ka8 27. Nxd8 axb5 (27... Rxh1 28. Bc6+ Kb8 29. Rxh1
Bf6 30. Qb3+ Qb6 31. Qg8 Bxd8 32. Qxd8 Qxc6 33. Rh8 Qe6 34. Qxg5 $18) (27...
Rxd8 28. Ba4 $18 {suivi de Rd1}) 28. Rxh8 Bxh8 $18) (24. Nxa5 Qxc5 $19) 24...
Nxb3 25. Nxb3 Bf6 26. Nd2 Qc5 27. Rhg1 (27. b4 Qc6 28. Rd1 Be6 29. Rxh8 Rxh8
30. Bd3 Rh2 31. Nf1 Rh1 $17) 27... Be6 28. Nb3 (28. b4 $5 Qc6 29. Rh1 Bg7 30.
Rd1 Rh2 31. Rxh2 gxh2 32. Rh1 Rh8 33. Nf1 $11) 28... Qb6 29. c4 Be7 30. Bd2 (
30. Qc3 $5 {les blancs doivent gagner un peu d'espace ou echanger des pieces}
Nf7 31. c5 Qc6 32. Bc4 Bxc4 33. Qxc4 Ng5 34. Qc3 Bf6 35. Na5 Qb5 $15) 30... Bb4
{echange du mauvais B contre le bon B} 31. Bxb4 Qxb4 32. Bd3 $2 (32. Rd1 Nf7
33. Rxd8+ Nxd8 34. Qd2 Qxd2 35. Nxd2 Nc6 36. Nb3 Rh2 $17) 32... Rxd3 $1 33.
Qxd3 Bxc4 34. Qd7 Bxf1 35. Rxf1 Qd6 36. Qb5 a6 37. Qe2 Rd8 38. Kc1 Qd3 39. Qxd3
Rxd3 40. Rd1 $2 (40. Kc2 Rxf3 41. gxf3 Nxf3 42. Rd1 g2 43. Nc5 g1=Q 44. Rxg1
Nxg1 45. Nd7+ Ka7 46. Nxe5 Kb6 (46... f3 47. Ng4 Nh3 48. Kd3 f2 49. Ke2 Nf4+
50. Kxf2 Nd3+ 51. Ke3 Nxb2 52. e5 Kb8 53. Nf6 Kc8 54. e6 Kd8 55. Nd5 $15) 47.
Kd1 Nh3 48. Ke2 Ng5 49. Nd3 Kc6 50. Nxf4 Nxe4 $17) 40... Rxd1+ 41. Kxd1 Nxf3 $1
{ca fait maintenant 2 P ... c'est fini} 42. Nc5 Ng5 43. Ke2 Kc8 44. Nd3 Nf7 45.
Kf3 Kd7 46. Nxf4 exf4 47. Kxf4 Ke6 48. Kxg3 Ke5 49. Kf3 Ng5+ 0-1

[Event "Promotion Meyreuil 04/05"]
[Site "?"]
[Date "2004.11.28"]
[Round "3"]
[White "Wilfert, Fabrice"]
[Black "Alpe, Jean-Charles"]
[Result "1-0"]
[WhiteElo "2013"]
[BlackElo "1490"]
[PlyCount "51"]
[EventDate "2004.??.??"]

1. e4 e5 2. Nc3 Nf6 3. Bc4 Nc6 4. d3 Bb4 5. Bg5 Bxc3+ 6. bxc3 Na5 7. Bb3 d6 8.
Ne2 h6 9. Bxf6 Qxf6 10. O-O Nxb3 11. axb3 {
o-o ou Qg6 ont deja ete joues dans cette position} Bg4 12. f3 Be6 13. d4 Qd8
14. f4 f6 (14... O-O $6 15. dxe5 dxe5 16. Qxd8 Rfxd8 17. fxe5 Rd2 18. Nd4 Bg4
19. Rf4 $14) 15. Nc1 (15. dxe5 $5 {
et les blancs profitent de leur avantage d'activite} fxe5 16. fxe5 dxe5 17.
Qxd8+ Kxd8 18. Ra5 Bg4 19. Nc1 Re8 $16) 15... exf4 $14 16. Qh5+ Ke7 17. Rxf4
Qe8 18. Qe2 g5 19. Rf2 h5 20. Nd3 a5 (20... Qg6 $5 $16) 21. Raf1 Rf8 22. e5 $1
f5 $2 (22... dxe5 {resiste un peu mieux} 23. Nxe5 c6 24. Re1 Kd6 25. Qe3 h4 26.
Rfe2 Kc7 27. Nc4 Bd7 $16) 23. exd6+ Kxd6 24. Qe5+ Kd7 (24... Kc6 {
perd moins de materiel, mais est bien perdant aussi} 25. c4 Rd8 26. d5+ Bxd5
27. Rxf5 Rxf5 28. cxd5+ Kb6 29. Qd4+ $18) 25. Nc5+ Kc8 26. Nxe6 1-0

[Event "Promotion Meyreuil 04/05"]
[Site "?"]
[Date "2004.11.27"]
[Round "3"]
[White "Bordenave, Robert"]
[Black "Jullien, Patrick"]
[Result "1/2-1/2"]
[WhiteElo "1670"]
[BlackElo "1700"]
[PlyCount "67"]
[EventDate "2004.??.??"]

1. d4 d5 2. Nf3 Nf6 3. Bf4 Bf5 4. e3 e6 5. Bd3 Bxd3 6. cxd3 Bb4+ 7. Nc3 Nh5 8.
Bg3 (8. Bg5 $5 Be7 (8... f6 9. Bh4 g5 $2 10. Nxg5 $16) 9. Bxe7 Qxe7 10. Qa4+ c6
11. Rc1 Nd7 $11) 8... Nxg3 9. hxg3 Nc6 10. a3 Ba5 11. Ne5 Nxe5 12. dxe5 c6 13.
d4 Qe7 14. O-O O-O 15. b4 Bc7 16. f4 f6 17. Ne2 fxe5 18. dxe5 Bb6 19. Nd4 c5
20. bxc5 Bxc5 21. a4 Rac8 22. Qd3 Bxd4 $6 {
le B meritait d'etre garde encore un peu} 23. exd4 Rc4 24. Rfc1 Rfc8 25. Rxc4
Rxc4 26. a5 g6 27. Rb1 Qc7 28. Qb3 Rc1+ 29. Rxc1 Qxc1+ 30. Kh2 Qc6 31. Qb4 Kf7
32. g4 b6 33. axb6 axb6 (33... Qxb6 $5 $11 {parait plus interessant}) 34. Kg3
1/2-1/2

[Event "Promotion Meyreuil 04/05"]
[Site "?"]
[Date "2004.11.27"]
[Round "3"]
[White "Mallet, Bruno"]
[Black "Briquet, Xavier"]
[Result "1/2-1/2"]
[WhiteElo "1520"]
[BlackElo "1490"]
[PlyCount "97"]
[EventDate "2004.??.??"]

1. e4 e5 2. Nf3 Nc6 3. Bb5 Nge7 4. Nc3 d6 5. h3 Bd7 6. d3 g6 $14 (6... h6 $5)
7. Bg5 Bg7 8. Nd5 $1 f6 $2 (8... h6 {
avec Qc8 ce sont les seuls coups qui ne perdent pas un P} 9. Nf6+ Kf8 10. Nxd7+
Qxd7 11. Bxe7+ Qxe7 12. Bxc6 bxc6 13. c3 $14) 9. Bxf6 O-O (9... Bxf6 10. Nxf6+
Kf7 11. Nxd7 Qxd7 12. c3 Kg7 13. d4 exd4 14. cxd4 $16) 10. Nxe7+ $2 $16 {
rate l'occasion de garder la pression par un simple retrait du B} (10. Bh4 Re8
11. Nxe7+ Rxe7 12. Bc4+ Kh8 13. O-O Rb8 14. Bd5 h6 $18) 10... Nxe7 11. Bxg7
Kxg7 12. Bxd7 Qxd7 {
il n'y a plus d'attaque ... et "juste" une finale avec 1 P de moins} 13. O-O
Rf4 14. Qe2 (14. d4 Rxe4 15. Qd3 Qf5 16. dxe5 Re8 17. exd6 cxd6 18. Qxd6 $18)
14... Raf8 15. Nd2 Nc6 16. c3 Nd8 17. Nc4 Nf7 18. g3 Rf6 19. Qg4 $6 (19. h4 {
garde l'avantage} Qh3 20. d4 Nh6 21. Ne3 Rf3 22. dxe5 Rxe3 23. fxe3 Qxg3+ 24.
Qg2 Qxe3+ 25. Kh1 dxe5 26. Rxf8 Kxf8 27. Rf1+ $16) 19... Qe7 (19... Qxg4 $5 20.
hxg4 Rf3 21. Rad1 a6 22. b3 Ng5 23. Kg2 b5 24. Ne3 $14) 20. Ne3 c6 $2 {
le N et la Q blanche sont revenus sur de bonnes cases} (20... Nh6 {
pour parer les menaces blanches} 21. Qh4 Qd7 22. f4 c6 23. Ng2 Nf7 24. g4 exf4
25. g5 Nxg5 26. Qxg5 Qxh3 27. Qh4 Qxd3 28. Rad1 Qc4 $14) 21. Nf5+ $1 Rxf5 22.
exf5 Nh6 23. Qe2 Nxf5 24. Kg2 (24. Kh2 $16 {directement gagne un temps}) 24...
Qg5 25. Kh2 h5 26. Rad1 h4 27. g4 Qf4+ 28. Kg1 Ne7 29. Qe3 Qa4 30. a3 $6 (30.
c4 $1 {il est necessaire d'enpecher le N de venir en d5} Nc8 (30... Qxa2 31. f4
) 31. c5 Qxa2 32. d4 Qe6 33. Rfe1 e4 34. Qxe4 Qb3 $18) 30... Nd5 $16 31. Qd2 $6
{trop passif} (31. Qg5 $1 $16) 31... c5 (31... Rf3 {
ce sont les noirs qui ont l'initiative malgre la qualite de moins} 32. Rde1 Nf4
33. Re4 Qb3 34. Rxf4 Rxf4 35. Re1 Qf7 36. Qe2 $15) 32. Qg5 $1 Qc6 33. f3 Rf7 (
33... Qa4 34. Rd2 Qf4 35. Qxf4 Nxf4 36. Kh2 b6 37. d4 exd4 38. cxd4 $14) 34.
Qxh4 $4 {tout avantage s'effondre en 1 seul coup ...} (34. Rd2 {
le Ph4 est maintenant en danger} Nf4 35. Qxh4 Rf8 36. Qg3 d5 37. Re1 Qf6 38.
Re3 Rh8 $16) 34... Ne3 35. Rde1 (35. g5 $5 Nxd1 36. Qh6+ Kg8 37. Qxg6+ Rg7 38.
Qe6+ Kh8 39. Qh6+ Kg8 $11) 35... Nxf1 36. Rxf1 Qb5 37. Qf2 $15 {
rend le pion sans compensation} (37. d4 $5 {
pour faire exploser le centre et activer ses pieces} cxd4 38. g5 Kg8 39. cxd4
Qxb2 40. dxe5 dxe5 41. Rd1 Qxa3 42. Rd8+ Rf8 43. Qc4+ Kh8 44. Qd5 $11) 37...
Qxd3 38. Kg2 g5 $11 (38... e4 $5 39. f4 e3 40. Qg3 Qd2+ 41. Kg1 e2 42. Re1 $15)
39. Re1 b6 40. Qe3 Qg6 41. Rd1 Rd7 42. Rd5 Re7 43. Qd2 Rd7 (43... Re6 {
est le seul coup correct} 44. c4 a6 45. b3 Rf6 46. b4 Kh7 47. bxc5 bxc5 48. a4
$14) 44. Rxe5 $1 dxe5 45. Qxd7+ Kh6 46. Qd2 e4 $6 (46... Kh7 $16) 47. Qe2 (47.
f4 $1 Qf7 (47... gxf4 48. Qxf4+ Kg7 49. Qf5 Qxf5 50. gxf5 Kf6 51. Kf2 Kxf5 52.
Ke3 $18 {gagne}) 48. Qd6+ Kh7 49. f5 Kg7 50. Kf2 Qf6 51. Qxf6+ Kxf6 52. Ke3 Ke5
53. c4 $18 {gagne}) 47... exf3+ 48. Qxf3 Qc2+ 49. Qf2 (49. Qf2 Qe4+ 50. Kg3 (
50. Kg1 Kg6 51. Qd2 c4 52. Qd6+ Kf7 $16) 50... Qd3+ 51. Qf3 Qd6+ 52. Kg2 Qd2+
$16 {dans les 2 variantes, l'avantage blanc n'est pas suffisant pour gagner})
1/2-1/2

[Event "Promotion Meyreuil 04/05"]
[Site "?"]
[Date "2004.12.11"]
[Round "4"]
[White "Blondelon, Alain"]
[Black "Wilfert, Fabrice"]
[Result "1-0"]
[WhiteElo "1590"]
[BlackElo "2013"]
[PlyCount "49"]
[EventDate "2004.??.??"]

1. Nf3 f5 2. d4 e6 3. Bf4 Nf6 4. Nbd2 b6 5. c3 Bb7 6. e3 Be7 7. Bd3 d6 8. Qe2
Ne4 9. h3 Nd7 10. Bxe4 fxe4 11. Nh2 Bf6 12. Nhf1 e5 13. dxe5 Bxe5 14. Ng3 Bxf4
15. exf4 d5 16. Nb3 O-O 17. f5 c5 18. O-O a5 19. Rfd1 a4 (19... Qh4 20. Nxe4
Rae8 21. Qb5 Rxe4 22. Qxd7 Re7 23. Qd6 Re2 $15) 20. Nd2 Re8 21. Ndf1 (21. c4
Ba6 22. b3 Nf6 23. Qe1 d4 24. Ndxe4 Nxe4 25. Nxe4 Bc8 26. g4 Bb7 27. f3 Bxe4
28. fxe4 Qd6 $17) 21... Ba6 (21... Ne5 22. Ne3 d4 23. cxd4 cxd4 24. Nef1 a3 25.
b3 Nd3 26. f3 Nb2 $17 {gagne la qualite}) 22. Qe3 $17 Bd3 23. Nh5 Ne5 $2 (23...
Nf6 24. Nf4 d4 25. cxd4 cxd4 26. Qe1 Bc4 27. Qb4 Qc7 $11) 24. Qg3 $11 Qd7 $4 (
24... Ra7 25. f6 g6 26. Ng7 Rxg7 27. fxg7 $11) 25. Nf6+ 1-0

[Event "Promotion Meyreuil 04/05"]
[Site "?"]
[Date "2004.12.11"]
[Round "4"]
[White "Kolb, Sebastien"]
[Black "Nakache, Jonathan"]
[Result "1-0"]
[WhiteElo "2040"]
[BlackElo "1610"]
[PlyCount "95"]
[EventDate "2004.??.??"]

1. e4 e5 2. Nf3 Nf6 3. Nc3 Nc6 4. d4 exd4 5. Nxd4 d6 6. Bb5 Bd7 7. Bxc6 Bxc6 8.
O-O (8. Qd3 Bd7 9. O-O Be7 10. Bg5 O-O 11. Rae1 h6 12. Bh4 Nh7 13. Bxe7 Qxe7
14. Nd5 Qd8 15. c4 $14) 8... Be7 $14 9. Nxc6 bxc6 10. Bf4 O-O 11. e5 dxe5 12.
Bxe5 Bd6 13. Bd4 Rb8 14. b3 (14. Rb1 c5 15. Be3 $14) 14... c5 $15 15. Be3 Be5
16. Qe1 Nd5 $2 (16... Ng4 17. h3 Nh2 18. Rd1 Bd6 19. Bxc5 Re8 20. Ne2 Nxf1 21.
Qxf1 Qf6 $17) 17. Nxd5 $16 Bxa1 18. Bxc5 Re8 19. Ne7+ Kh8 20. Qxa1 Rxe7 21.
Bxe7 Qxe7 {les Blancs vont faire valoir leur technique dans cette finale} 22.
Re1 Qc5 23. Qe5 Qc6 24. Qe4 Qxe4 25. Rxe4 Kg8 26. Kf1 Kf8 27. Ke2 Rd8 28. Ra4
Ra8 29. Rh4 h6 30. Re4 Rd8 31. Re3 Rd6 32. Re5 g6 33. Ra5 Rc6 34. Kd3 a6 35.
Re5 f6 36. Re2 Kf7 37. Ke4 h5 38. Kd5 Rc3 39. Kd4 Rc6 40. c4 g5 41. c5 a5 42.
Kd5 Ra6 43. h3 h4 44. Re4 Ra7 $2 (44... f5 {resiste un peu plus} 45. Re5 Rf6
46. Kc4 c6 47. b4 axb4 48. Kxb4 g4 49. a4 $18) 45. Kc6 Kf8 46. Kd7 Kf7 47. c6
Kf8 48. Kc8 1-0

[Event "Promotion Meyreuil 04/05"]
[Site "?"]
[Date "2004.12.11"]
[Round "4"]
[White "Jullien, Patrick"]
[Black "Mallet, Bruno"]
[Result "1/2-1/2"]
[WhiteElo "1700"]
[BlackElo "1520"]
[PlyCount "64"]
[EventDate "2004.??.??"]

1. d4 d5 2. c4 Nf6 3. cxd5 Nxd5 4. e4 Nf6 5. Nc3 e6 6. Nf3 Be7 7. Bd3 h6 8. O-O
Nbd7 9. Re1 O-O 10. Bf4 Nh5 11. Be3 Nhf6 12. Qd2 h5 13. Rac1 a6 14. Qc2 Ne8 15.
e5 Nb6 16. Ne4 Nd5 17. Bd2 Bb4 18. Neg5 Bxd2 19. Qxd2 g6 20. Ne4 Kg7 21. a3 Bd7
22. Nc5 Bc6 $2 (22... Bc8 23. b4 b6 24. Ne4 Bb7 25. Bc4 Qe7 26. h3 a5 27. Rb1
$14) 23. Ng5 $18 Qe7 24. f4 Rb8 25. Nxa6 (25. Bxg6 fxg6 26. Ngxe6+ Kh7 27.
Nxf8+ Qxf8 28. Nxa6 $18) 25... Ra8 26. Nc5 Rb8 (26... Kh8 27. Nf3 Kg8 28. f5
gxf5 29. Qh6 f6 30. Qxh5 Nf4 (30... b6 31. Nxe6 Qxe6 32. Bxf5 Qf7 33. Qg4+ Qg7
34. Be6+ Kh8 35. Qh4+ Qh7 36. Qxh7+ Kxh7 37. Rxc6 $18) 31. Qh4 $18) 27. Qf2 Kh6
28. Qd2 Nxf4 29. Qxf4 (29. h4 Nxd3 30. Ngxe6+ Kh7 31. Nxf8+ Qxf8 32. Qxd3 $18)
29... Qxg5 $18 30. Qxg5+ Kxg5 31. Ne4+ $4 (31. Be4 Bxe4 32. Rxe4 Rg8 33. h4+
Kh6 34. Rf4 b6 35. Ne4 Rd8 36. Ng5 $18) 31... Kh6 $14 32. Kf2 Bxe4 1/2-1/2

[Event "Promotion Meyreuil 04/05"]
[Site "?"]
[Date "2004.12.11"]
[Round "4"]
[White "Alpe, Jean-Charles"]
[Black "Bordenave, Robert"]
[Result "1/2-1/2"]
[WhiteElo "1490"]
[BlackElo "1670"]
[PlyCount "64"]
[EventDate "2004.??.??"]

1. d4 d5 2. c4 c6 3. cxd5 cxd5 4. Nf3 Nf6 5. Nc3 e6 6. Bf4 a6 7. e3 Qa5 (7...
Bd6 8. Bxd6 Qxd6 9. Bd3 O-O 10. O-O Bd7 11. Rc1 Nc6 12. a3 Rac8 $11) 8. Bd3
Nbd7 9. a3 Be7 10. h3 O-O 11. O-O b5 12. b4 Qb6 13. Qc2 Bb7 14. Rfe1 Rac8 15.
Qd2 (15. Rac1 Rc6 16. Qb1 Rfc8 17. Ne2 h6 18. Rxc6 Rxc6 19. Bc2 a5 20. Bd3 axb4
21. axb4 $11) 15... Ne4 $15 16. Bxe4 dxe4 17. Ne5 Nxe5 18. Bxe5 Bd5 19. Rac1
Rc4 20. Qb2 Rfc8 21. Ne2 (21. Na2 a5 22. Rxc4 bxc4 23. Rc1 axb4 24. Nxb4 Qa5
25. Rc3 $15) 21... R8c6 (21... a5 $5 22. Rxc4 Rxc4 23. bxa5 Qxa5 24. Rb1 Bc6
25. Ra1 Ra4 $17) 22. Rxc4 Rxc4 23. Rc1 Qc6 24. Rxc4 Qxc4 25. Qc3 $2 (25. Nf4 f6
26. Bb8 Bb7 27. Ne2 Qd3 28. Bc7 Qc4 29. Bg3 $11) 25... g6 $2 (25... f6 26. Bg3
a5 27. Qd2 axb4 28. axb4 Bxb4 29. Qb2 Bb7 30. Bf4 $17) 26. Qxc4 $11 Bxc4 27.
Nc3 f5 28. Bc7 Kf7 29. Be5 Ke8 30. Bc7 Kd7 31. Bb6 Kc6 32. Bc5 Bf6 1/2-1/2

[Event "Promotion Meyreuil 04/05"]
[Site "?"]
[Date "2004.12.11"]
[Round "4"]
[White "Briquet, Xavier"]
[Black "Gozzo, Jean-Claude"]
[Result "1-0"]
[WhiteElo "1490"]
[BlackElo "1590"]
[PlyCount "77"]
[EventDate "2004.??.??"]

1. e4 e6 2. d4 d5 3. exd5 exd5 4. Nf3 Bd6 5. Nc3 (5. c4 Nf6 6. Nc3 dxc4 7. Bxc4
O-O 8. O-O Nc6 9. Bg5 h6 10. Bh4 Bg4 11. h3 Bxf3 12. Qxf3 Nxd4 13. Qxb7 Nf5 14.
Bxf6 Qxf6 15. Qf3 Qe5 16. g3 Rae8 17. Rfe1 Nd4 $11) 5... Ne7 6. Bg5 f6 7. Bh4
Nbc6 8. a3 Bg4 9. Be2 a6 10. h3 (10. Bg3 Bxg3 11. hxg3 Qd6 12. Qd2 O-O-O 13.
Ng5 Be6 14. Nxe6 Qxe6 15. O-O-O $11) 10... Bh5 (10... Bxf3 11. Bxf3 Nf5 12. g3
Ncxd4 13. Nxd5 c6 14. Bh5+ Kf8 15. Ne3 Nxe3 16. fxe3 Nf5 17. Qf3 g6 18. Bg4
Nxh4 19. gxh4 f5 20. O-O-O Qf6 $17) 11. g4 $11 Bg6 12. Qd2 Qd7 13. O-O-O O-O-O
14. Rhg1 Rhf8 15. Bg3 Bxg3 16. Rxg3 b5 (16... Rfe8 17. Re1 Qd6 18. Na4 Nb8 19.
Nh4 Be4 20. Re3 Nd7 $14) 17. Nh4 Qd6 (17... Be4 18. a4 g5 19. Ng2 Bxg2 20. Rxg2
Na7 21. axb5 axb5 22. Qd3 (22. Na4 $5 Qc6 (22... bxa4 $6 23. Ba6+ Kb8 24. Qb4+
Nb5 25. Bxb5 Qd6 26. Qxa4 $16) 23. Nc5 $16) 22... c6 23. Qxh7 $16) 18. Nxg6
Nxg6 19. Qd3 (19. a4 Nb4 20. axb5 a5 21. Re3 Rfe8 22. Na4 $18) 19... Qf4+ 20.
Qe3 Rfe8 21. Qxf4 Nxf4 22. Re3 Rxe3 23. fxe3 Nxh3 24. Bf3 $2 (24. a4 Nb4 25.
axb5 axb5 26. Nxb5 Nf2 27. Rf1 Ne4 28. Nc3 $11) 24... Ne7 $17 25. e4 Ng5 26.
Bg2 dxe4 27. Nxe4 Nxe4 28. Bxe4 h6 29. c3 Nd5 30. Re1 Rd6 31. Bg6 Rd8 32. Kd2
Kb7 33. Re6 Ka7 34. Be4 Rd6 $4 (34... Rd7 35. b3 a5 36. c4 Nb6 37. Kc3 b4+ 38.
axb4 axb4+ 39. Kxb4 Rxd4 40. Kb5 g6 41. Kc5 Rd8 42. Bxg6 Rg8 43. Bf5 h5 $14)
35. Rxd6 $18 Nxc3 36. Re6 Na4 37. b3 Nb6 38. Re7 Kb8 39. Rxg7 1-0

[Event "Promotion Meyreuil 04/05"]
[Site "?"]
[Date "2005.01.15"]
[Round "5"]
[White "Bordenave, Robert"]
[Black "Blondelon, Alain"]
[Result "1/2-1/2"]
[WhiteElo "1670"]
[BlackElo "1590"]
[PlyCount "36"]
[EventDate "2005.??.??"]

1. d4 Nf6 2. Bf4 d6 3. e3 g6 4. Nd2 Bg7 5. Be2 O-O 6. h3 Nbd7 7. Ngf3 c5 8. c3
a6 9. a4 b6 10. O-O Bb7 11. Qb3 Qc7 $11 (11... e5 $5 $15 {semble plus ambitieux
}) 12. Bc4 Qc6 13. Rfd1 Rad8 14. Bf1 d5 15. Ne5 Nxe5 $14 (15... Qe6 $5 16. Be2
c4 17. Qc2 Rfe8 18. Nxd7 Nxd7 19. Bf3 Ba8 20. a5 $11) 16. Bxe5 c4 17. Qc2 Bh6
18. Be2 Bc8 {la position est egale, le jeu peut commencer ... mais les joueurs
sont d'humeur pacifique.} 1/2-1/2

[Event "Promotion Meyreuil 04/05"]
[Site "?"]
[Date "2005.01.15"]
[Round "5"]
[White "Gozzo, Jean-Claude"]
[Black "Jullien, Patrick"]
[Result "1-0"]
[WhiteElo "1590"]
[BlackElo "1700"]
[PlyCount "91"]
[EventDate "2005.??.??"]

1. d4 d5 2. c4 e6 3. Nc3 Nf6 4. Bg5 Nbd7 5. Nf3 Be7 6. e3 c6 7. Bd3 O-O 8. O-O
dxc4 9. Bxc4 Nd5 10. Bxe7 Qxe7 11. Nxd5 (11. Rc1 $14 {
est le coup recommande par la theorie...}) 11... exd5 12. Bd3 Nf6 13. Ne5 Be6
14. Rc1 Ne4 15. Qc2 f6 16. Nf3 Bg4 17. Bxe4 Qxe4 18. Qxe4 dxe4 19. Nd2 Be2 $14
{le B, bien que dans les lignes adverses, ne rayonnera pas particulierement en
d3} (19... Rfe8 20. Rc3 Rad8 21. Rfc1 Re7 22. Nb3 Kf7 23. Nc5 Bc8 $11) 20. Rfe1
Bd3 21. Rc5 $6 $11 {rate une bonne occasion} (21. Nb3 $1 {
la case c5 offre un bon avantage aux blancs} Rae8 22. Nc5 f5 23. Nxd3 exd3 24.
Rcd1 Re7 25. Rxd3 Rd8 $16) 21... Rfd8 22. Rec1 Rd7 23. R1c3 Rad8 24. f3 {#} Rd5
(24... Re8 $11 {et la position reste solide}) 25. fxe4 (25. Rxd5 $5 cxd5 26.
Rc7 $14) 25... Rxc5 $14 {
petit a petit, les Blancs vont prendre un avantage certain} 26. Rxc5 Re8 27. e5
fxe5 28. dxe5 Kf7 29. Kf2 Ke6 30. Nb3 Rf8+ 31. Kg3 Ke7 32. Nd4 Be4 33. b4 $1
Bd5 34. b5 Bxa2 35. bxc6 bxc6 $6 (35... b6 $1 36. Rc3 Be6 37. Nxe6 Kxe6 38. c7
Rc8 39. Kf4 Kd7 $11) 36. Rxc6 $18 Re8 37. Ra6 Bc4 38. Rxa7+ Kd8 (38... Kf8 {
est un peu meilleur, mais perd vite aussi} 39. Kf4 Re7 40. Rxe7 Kxe7 41. Nf5+
Kf8 42. g4 Be6 43. h4 $18) 39. Ra8+ $1 {
le plus simple ... sans les R, plus d'espoir pour les Noirs} Kd7 40. Rxe8 (40.
e6+ {est encore plus efficace} Rxe6 41. Ra7+ Kd6 42. Nxe6 Kxe6 43. Rxg7 Bd3 44.
Kf4 h5 $18) 40... Kxe8 41. Nf5 Kf8 42. Kf4 Bd5 43. g4 Kf7 44. e4 Be6 45. h4 Bc4
$4 {peut etre pour abreger les souffrances} (45... Bd7 46. g5 Kf8 47. Nd6 Ke7
48. h5 g6 49. h6 Ba4 50. Nb7 $18) 46. Nd6+ 1-0

[Event "Promotion Meyreuil 04/05"]
[Site "?"]
[Date "2005.01.15"]
[Round "5"]
[White "Mallet, Bruno"]
[Black "Alpe, Jean-Charles"]
[Result "1/2-1/2"]
[WhiteElo "1520"]
[BlackElo "1490"]
[PlyCount "82"]
[EventDate "2005.??.??"]

1. e4 e5 2. Nf3 Nf6 3. Nc3 Bb4 4. d3 d6 5. Be2 O-O 6. O-O Bxc3 7. bxc3 Nc6 8.
Bg5 h6 9. Be3 Ng4 10. Bd2 Nf6 (10... f5 $5 11. exf5 Bxf5 $11) 11. Rb1 $11 b6
12. Be3 Ng4 13. Bc1 Nf6 14. Nd2 Be6 15. Nb3 d5 $1 16. f3 d4 $6 (16... Qd6 {
gardant la pression} 17. c4 dxc4 18. dxc4 Qb4 19. Qe1 Rfd8 20. Qxb4 Nxb4 21.
Bb2 $15) 17. Ba3 Re8 18. c4 Rb8 (18... Nh5 $5 19. g3 Qg5 20. Kh1 Bh3 21. Rf2
Nf6 $15) 19. f4 $5 $11 exf4 20. Rxf4 Ne5 21. h3 c5 22. Bc1 Qd7 23. Qf1 Qe7 24.
Rf2 (24. Rxf6 $5 gxf6 25. Bxh6 Kh7 26. Bd2 Rh8 27. Qf4 Ng6 28. Qf2 Rbg8 $11)
24... Bd7 25. Bxh6 gxh6 $6 $14 {pas le meilleur} (25... Nxe4 $1 26. dxe4 gxh6
27. Qc1 Kh7 28. Qf4 Rg8 29. Kh1 Rg7 30. Qf6 $17) 26. Rxf6 $14 Kg7 27. Rf2 Rg8
28. Qc1 Kh7 29. Kh1 Rg7 30. Qf4 Rf8 31. Qf6 Qe6 32. Qxe6 Bxe6 33. Rbf1 Rg6 34.
Rf6 (34. Bh5 Rg3 35. Nc1 Re8 36. Ne2 Rg7 37. Nf4 Kg8 38. Nxe6 Rxe6 $14) 34...
Rxf6 $11 35. Rxf6 Kg7 36. Rf2 f5 37. exf5 Rxf5 38. Rxf5 Bxf5 39. Nd2 Bd7 40.
Nf3 Ng6 41. Kh2 Kf6 1/2-1/2

[Event "Promotion Meyreuil 04/05"]
[Site "?"]
[Date "2005.01.15"]
[Round "5"]
[White "Wilfert, Fabrice"]
[Black "Kolb, Sebastien"]
[Result "0-1"]
[WhiteElo "2013"]
[BlackElo "2040"]
[PlyCount "116"]
[EventDate "2005.??.??"]

1. e4 c5 2. d4 cxd4 3. c3 Nf6 4. e5 Nd5 5. Nf3 e6 6. cxd4 Nc6 7. Bc4 Nb6 (7...
d6 8. O-O Be7 9. Qe2 O-O 10. Qe4 b6 11. a3 Bb7 12. Bd3 g6 13. Bh6 Re8 $11) 8.
Bb3 d6 9. exd6 Bxd6 10. Nc3 O-O 11. Qd3 Be7 12. O-O Nb4 13. Qe4 N6d5 14. Re1
Nf6 15. Qe2 b6 16. Bg5 Ba6 17. Qe3 Nd3 18. Re2 Ng4 19. Bxe7 Qxe7 20. Qe4 Ndxf2
21. Rxf2 Nxf2 22. Kxf2 Bb7 23. Bd5 Bxd5 24. Nxd5 Qd8 25. Nb4 Qf6 26. Kg1 Qg6
27. Qxg6 hxg6 28. Nc6 f6 29. b4 Kf7 30. Rc1 Ke8 31. b5 Kd7 32. Kf2 (32. Nd2 {
prefere par Fritz} Rfc8 33. Nc4 Rc7 34. d5 exd5 35. Ne3 Ke6 36. Nd4+ Kd6 $16)
32... a6 33. a4 $15 (33. d5 $5 exd5 34. Nb4 axb5 35. Rd1 Ke6 36. Nd4+ Kd6 37.
Ndc6 Ke6 $11) 33... axb5 34. axb5 Ra2+ 35. Kg3 Rb2 36. d5 exd5 37. Re1 Re8 38.
Rxe8 Kxe8 39. Nfd4 Kd7 40. h4 Kd6 41. Kf3 Kc5 42. g3 (42. Ne6+ Kc4 43. Ne7 g5
44. hxg5 fxg5 45. Nf5 Kxb5 46. Nxg5 g6 $15) 42... Kc4 $17 43. Ke3 Rb1 44. Ne7
Re1+ 45. Ne2 d4+ 46. Kd2 Rb1 47. Nxg6 Rb2+ 48. Ke1 $19 (48. Kd1 {toujours prefe
re par Fritz, mais la position reste tres dure -impossible ? - a tenir} Rxb5
49. Nc1 Rb2 50. Nf4 g5 51. Nh5 Rh2 52. Nxf6 Rh1+ $17) 48... Rxb5 49. Ngf4 {#}
d3 $2 {perd le P} (49... g5 $1 50. Ng2 Rb1+ 51. Kd2 b5 52. Kc2 Rh1 53. Kd2 Rh2
54. Ne1 gxh4 $19) 50. Nc1 $17 g5 51. hxg5 Rxg5 52. Ncxd3 Rxg3 53. Kd2 b5 54.
Nb2+ Kb4 55. Nd5+ Ka3 56. Nd3 f5 57. Kc3 Rg4 58. N5b4 $4 (58. Ne3 {
et il reste du travail pour empocher le point...} Rh4 59. Nc2+ Ka4 60. Nd4 Rxd4
61. Kxd4 Kb3 62. Nf4 Ka3 63. Nd5 $11) 58... Rc4+ 0-1